zufällige deutsche lyrics #06 - Statistiken

Allgemein
  • Dieses Quiz wurde 65 mal gespielt
    55 seit der letzten Aktualisierung
  • Das Durchschnittsergebnis liegt bei 51 aus 173
Antwortstatistiken
Antwort % Korrekt
du
96%
ich
92%
Ich
92%
Wir
84%
das
74%
die
74%
Die
74%
der
72%
es
64%
und
64%
Und
64%
ist
56%
In
52%
in
52%
für
46%
Für
46%
mir
46%
zu
46%
an
44%
dein
44%
dein‘
44%
hab‘
44%
nich‘
42%
Was
42%
was
42%
Will
42%
dich
40%
kann
40%
Grüne Augen lügen nicht
38%
nicht
38%
deine
34%
sein
32%
Wenn
32%
wenn
32%
auch
28%
hat
28%
Augen
26%
gib
24%
Gib
24%
meinen
24%
seh‘
24%
Seh‘
24%
Seh
24%
vor
24%
Zeit
24%
meinem
22%
Oh
22%
soll
20%
aus
18%
brauch‘?
18%
meiner
18%
viel
18%
zur
18%
grüne
16%
lügen
16%
lassen
14%
Hätte
12%
Jeremias
12%
jetzt
12%
Kopf
12%
Strahlen
12%
gar
10%
unserer
10%
Baby,
8%
dieser
8%
Gesicht
8%
Jahr
8%
jedes
8%
Sex
8%
Wieso
8%
and
6%
Angst
6%
Arm
6%
lieber
6%
Lippen
6%
rauchen
6%
vier
6%
Zigaretten
6%
after
4%
Dachgeschosswohnung,
4%
Dokus
4%
Falten,
4%
Grund
4%
Hausnummer
4%
lächelst,
4%
Langeweile
4%
leg‘
4%
letztes
4%
Raum
4%
schau‘
4%
Stadt
4%
vergessen
4%
weiterhelfen
4%
Years
4%
Anfangsbuchstaben
2%
Duft
2%
fucking
2%
gerade,
2%
gerade
2%
ich‘s
2%
Kennzeichen
2%
könnte
2%
Namen?
2%
selben
2%
Stagnation,
2%
Stillstand
2%
Uhrzeit
2%
würd‘
2%
Keine übereinstimmenden Quizze gefunden
Verteilung der Resultate
Anzahl Personen mit jedem Resultat
Perzentil nach korrekt beantworteten Fragen
Ihre Resultats-Entwicklung
Sie haben dieses Quiz seit der letzten Aktualisierung nicht gespielt